00839nam a22002414a 450000500170000000800410001701000170005802000260007502000230010103500170012403700420014104000180018308200120020110000220021324500900023524600540032526000380037930000400041750400610045765000300051865000280054870000210057620050615153040.0041221s2005 maua b 001 0 eng  aB-279404-429 a9780763727291c250.00 a0763727296c250.00 aB-279404-429 aViva/1071/28.5.08/104/16.5.08/11.7.08 adplbEnglish  a618.175 aAlexander, Ivy M. a100 questions & answers about menopause /cby Ivy M. Alexander [and] Karla A. Knight. aOne hundred questions and answers about menopause aBoston bJones and Bartlettc2007 axii, 322 p. :bill. ;c23 cm (pbk)  aIncludes glossary, bibliographical references and index. aMenopausevPopular works. aMenopausevMiscellanea. aKnight, Karla A.